000 01321cam a2200301 a 4500
001 2581094
005 20170105102922.0
008 961023s1997 dcub b 001 0 eng
010 _a 96039401
020 _a0521590663 (hardback)
040 _aDLC
_cDLC
_dDLC
043 _aa-ii---
050 0 0 _aDS485.K27
_bG37 1997
082 0 0 _a954/.6
_221
100 1 _aGanguly, Sumit.
245 1 4 _aThe crisis in Kashmir :
_bportents of war, hopes of peace /
_cĹ umit Ganguly.
260 _a[Washington, D.C.] :
_bWoodrow Wilson Center Press ;
_aCambridge ;
_aNew York :
_bCambridge University Press,
_c1997.
300 _axv, 182 p. :
_bmaps ;
_c24 cm.
440 0 _aWoodrow Wilson Center series
504 _aIncludes bibliographical references and index.
651 0 _aJammu and Kashmir (India)
_xPolitics and government.
856 4 2 _3Publisher description
_uhttp://www.loc.gov/catdir/description/cam028/96039401.html
856 4 1 _3Table of contents
_uhttp://www.loc.gov/catdir/toc/cam026/96039401.html
856 4 2 _3Contributor biographical information
_uhttp://www.loc.gov/catdir/enhancements/fy0834/96039401-b.html
906 _a7
_bcbc
_corignew
_d1
_eocip
_f19
_gy-gencatlg
942 _2ddc
_cBK
999 _c15625
_d15625